Detalles MARC
| 000 -LEADER |
| fixed length control field |
01120nam a2200385 c 4500 |
| 001 - CONTROL NUMBER |
| control field |
562 |
| 003 - CONTROL NUMBER IDENTIFIER |
| control field |
DO-SdBNP |
| 005 - DATE AND TIME OF LATEST TRANSACTION |
| control field |
20161010140057.0 |
| 007 - PHYSICAL DESCRIPTION FIXED FIELD--GENERAL INFORMATION |
| fixed length control field |
562 |
| 008 - FIXED-LENGTH DATA ELEMENTS--GENERAL INFORMATION |
| fixed length control field |
150331s1999 sp a | |||| 001 0 spa |
| 017 ## - COPYRIGHT OR LEGAL DEPOSIT NUMBER |
| Copyright or legal deposit number |
|
| Assigning agency |
|
| 020 ## - INTERNATIONAL STANDARD BOOK NUMBER |
| International Standard Book Number |
|
| Qualifying information |
|
| 020 ## - INTERNATIONAL STANDARD BOOK NUMBER |
| International Standard Book Number |
8423952002 |
| Qualifying information |
obra completa |
| 035 ## - SYSTEM CONTROL NUMBER |
| System control number |
|
| 040 ## - CATALOGING SOURCE |
| Original cataloging agency |
BPMSU |
| Language of cataloging |
spa |
| Transcribing agency |
BPMSU |
| Description conventions |
|
| 080 ## - UNIVERSAL DECIMAL CLASSIFICATION NUMBER |
| Universal Decimal Classification number |
|
| 080 ## - UNIVERSAL DECIMAL CLASSIFICATION NUMBER |
| Universal Decimal Classification number |
|
| 082 ## - DEWEY DECIMAL CLASSIFICATION NUMBER |
| Classification number |
709 |
| Item number |
S955a |
| 100 1# - MAIN ENTRY--PERSONAL NAME |
| Personal name |
|
| Relator code |
|
| 245 10 - TITLE STATEMENT |
| Title |
Summa artis : |
| Statement of responsibility, etc. |
María Elena Gómez-Moreno ... [et al.]. |
| Remainder of title |
historia general del arte / |
| 260 ## - PUBLICATION, DISTRIBUTION, ETC. (IMPRINT) |
| Place of publication, distribution, etc. |
Madrid : |
| Name of publisher, distributor, etc. |
Espasa-Calpe |
| Date of publication, distribution, etc. |
1999 |
| 300 ## - PHYSICAL DESCRIPTION |
| Extent |
v. : |
| Other physical details |
il., mapas |
| Dimensions |
28 cm |
| 336 ## - CONTENT TYPE |
| Content type term |
|
| Source |
|
| 337 ## - MEDIA TYPE |
| Media type term |
|
| Source |
|
| 490 1# - SERIES STATEMENT |
| Series statement |
Summa artis : historia general del arte |
| Volume/sequential designation |
v. 35-/46/45 |
| 504 ## - BIBLIOGRAPHY, ETC. NOTE |
| Bibliography, etc |
Bibliografía |
| 505 ## - FORMATTED CONTENTS NOTE |
| Formatted contents note |
v. 35 Pintura y escultura española.-- 46 Artes decorativas en Europa -- v.47 Las artes decorativas en España |
| 600 ## - SUBJECT ADDED ENTRY--PERSONAL NAME |
| Form subdivision |
|
| 650 #7 - SUBJECT ADDED ENTRY--TOPICAL TERM |
| Topical term or geographic name as entry element |
HISTORIA DEL ARTE |
| Chronological subdivision |
|
| Source of heading or term |
|
| 650 #7 - SUBJECT ADDED ENTRY--TOPICAL TERM |
| Topical term or geographic name as entry element |
CRÍTICA DE ARTE |
| Chronological subdivision |
|
| Source of heading or term |
|
| 700 ## - ADDED ENTRY--PERSONAL NAME |
| Personal name |
|
| 830 #0 - SERIES ADDED ENTRY--UNIFORM TITLE |
| Uniform title |
Summa artis |
| Volume number/sequential designation |
v. 35-/46/45 |
| 942 ## - ADDED ENTRY ELEMENTS (KOHA) |
| Source of classification or shelving scheme |
Dewey Decimal Classification |
| Koha item type |
Libros |
| 956 ## - LOCAL ELECTRONIC LOCATION AND ACCESS (OCLC) |
| Host name |
VMATEO |
| Access number |
10 |
| Compression information |
20161010 |
| Path |
BPMSU |
| Electronic name |
0069 |